000
00320 a2200157 4500
001
161684
020
_a
040
_c
Magnum
100
_a
Jimenez, Felipe Pedraza
240
1
0
_a
Vamos a hablar/v.2
_l
ESP
245
1
0
_a
Vamos a hablar/v.2
362
0
_a
1899
440
1
_a
Ática
697
_a
ESPANHOL
942
_c
BK
999
_c
161684
_d
161684